000 00786nam a2200265 i 4500
001 20097
003 ES-MaACL
005 20250808010510.0
007 t|
008 021127s2002 sp ||||1| spa d
020 _a84-670-0102-X
080 _a316.752"19"
080 _a171
100 1 _aMiret Magdalena, Enrique.
_981583
245 1 0 _a¿Qué nos falta para ser felices?
_b: un nuevo modo de pensar y de vivir /
_cEnrique Miret Magdalena.
250 _a3ª ed.
260 _aMadrid :
_bEspasa Calpe,
_c2002.
300 _a276 p. ;
_c22 cm.
490 1 _aEspasa hoy
650 1 4 _aValores sociales-
_yS.XX.
_917735
650 1 7 _aMoral práctica
_2embne
_911261
830 0 _aEspasa hoy
_9179010
852 _aES-MaACL
_jL-26021
_bR.131876
999 _c20097
_d20097